| 000 | 00557nmm a2200169Ia 4500 | ||
|---|---|---|---|
| 008 | 251105s9999||||xx |||||||||||||||||und|| | ||
| 020 | _a9788476583579 | ||
| 041 | _aspa | ||
| 100 | _aCastilla Urbano, Francisco | ||
| 245 | 0 | _aEl pensamiento de Francisco de Vitoria: filosofía política e indio americano | |
| 264 |
_a[Madrid, España] : _bAnthropos, _c1992 |
||
| 300 | _a388 páginas | ||
| 490 | _aPensamiento crítico / Pensamiento utópico | ||
| 650 | _aPhilosophy, Ethics | ||
| 856 | _uhttps://public.digitaliapublishing.com/a/66517 | ||
| 942 | _cCF | ||
| 999 |
_c85115 _d85115 |
||